000 00594nam a2200181 a 4500
001 000031818
005 20200930063214.0
008 110706s1995 dr 000 0 spa d
040 _aDO-SdBNP
_bspa
_cBNPHU
082 _axxx
_bR618o
100 1 _aRodríguez, Carlos
_941606
245 1 3 _aEl ojo y otras clasificaciones de la magia /
_cCarlos Rodríguez.
260 _aSanto Domingo :
_bUNPHU,
_c1995.
300 _a118 p. ;
_c22 cm.
586 _aPremio Pedro Henríquez Ureña de poesia 1994
590 _aPerteneció a la biblioteca personal de Juan Isidro Jimenes Grullón
049 _aBNPD
999 _c31310
_d31310